Kirjaimella V alkavien valtioiden liput - Statistics

Yleistilastot
  • Tätä visaa on pelattu 63 kertaa
  • Keskiarvotulos 7 / 7
Vastaustilastot
Kuvavisa Vastaus % Oikein
Venäjä
100%
Vietnam
100%
Viro
100%
Valko-Venäjä
96%
Vatikaani
96%
Venezuela
93%
Vanuatu
82%
Ehtoja vastaavia visoja ei löytynyt
Tulosjakauma
Jokaisen tuloksen saaneiden osuus
Persentiili vastausten määrän mukaan
Tuloshistoriasi
Et ole pelannut tätä visaa